1542 1064 1894 1506 1621 1378 1350 1580 1628 1570 1818 1522 1350 1079 1021 1011 1342 1753 1954 1778 1925 1591 1962 1483 1319 1350 1377 1747 1975 1535 1674 1558 1623 1250 1570 1150 1185 1769 1912 1735 1305 1368 1959 1409 1942 1928 1492 1630 1797 1691 1910 1862 1582 1240 1882 1725 1061 1869 1209 1952 1222 1765 1366 1829 1276 1530 1360 1280 1020 1436 1497 1088 1254 1577 1235 1614 1409 1172 1774 1938 1520 1235 1858 1822 1036 1781 1418 1091 1827 1135 1198 1519 1127 1382 1692 1952 1787 1090 1703 BCNSPRNW ULIB Ver.6.0+V

เปลี่ยนเป็นภาษาไทย

Change to English
 แสดงรายละเอียดบรรณานุกรม
  กลับหน้าหลัก

Brief Record : Get Marc (ISO 2709) : E-mail record : QR code < ปิดหน้าต่าง
LEADER : 00000nam 2200000uu 4500
001    13399121815
003     ULIB
008    121207s2546||||th 000 0 tha d
020    ^a9741322151
060 04 ^aWP630^bส854ท
100 0  ^aสุรศักดิ์ ฐานีพานิชสกุล
245 10 ^aเทคโนโลยีการคุมกำเนิด /^cสุรศักดิ์ ฐานีพานิชสกุล
250    ^aพิมพ์ครั้งที่ 1
260    ^aกรุงเทพฯ :^bภาควิชาสูติศาสตร์-นรีเวชวิทยา คณะแพทยศาสตร์จุฬาลงกรณ์มหาวิทยาลัย,^c2546
300    ^avi, 215 หน้า :^bภาพประกอบ ;^c26 ซม.
504    ^aบรรณานุกรม
650  2 ^aFamily Planning Services
650  2 ^aContraception
650  7 ^aคุมกำเนิด
650  7 ^aการวางแผนครอบครัว
710 2  ^aจุฬาลงกรณ์มหาวิทยาลัย. ^bคณะแพทยศาสตร์.^bภาควิชาสูติศาสตร์-นรีเวชวิทยา
945    ^p220^l0^i12162
945    ^p220^l0^i12163
945    ^p220^l0^i12164
945    ^p220^l0^i12165
945    ^p220^l0^i12166
945    ^p220^l0^i16216
945    ^p220^l0^i16217
945    ^p220^l0^i13865
945    ^p220^l0^i12742
945    ^p220^l0^i12743
945    ^p220^l0^i12744
945    ^p220^l0^i12745
945    ^p220^l0^i12746
995    ^aทศพร
999    ^aทศพร เกษรทอง
รายการนี้ยังไม่มีแท็ก
คุณยังไม่ได้ล็อกอิน คุณสามารถมีกิจกรรมร่วมกับเว็บไซต์ได้ แต่ต้องล็อกอินก่อน ::
  ล็อกอิน

รายการสื่อสารสนเทศ

ลำดับที่ ประเภท เลขเรียก/บาร์โค้ด สถานที่ สถานะ
1. วิทยาศาสตร์การแพทย์ และสุขภาพ
วิทยาศาสตร์การแพทย์ และสุขภาพ
WP630 ส854ท  
  Barcode: 13865
ห้องสมุดวิทยาเขตสวรรค์ประชารักษ์
►หนังสือทั่วไป
บนชั้น
2. วิทยาศาสตร์การแพทย์ และสุขภาพ
วิทยาศาสตร์การแพทย์ และสุขภาพ
WP630 ส854ท  
  Barcode: 12742
ห้องสมุดวิทยาเขตสวรรค์ประชารักษ์
►หนังสือทั่วไป
บนชั้น
3. วิทยาศาสตร์การแพทย์ และสุขภาพ
วิทยาศาสตร์การแพทย์ และสุขภาพ
WP630 ส854ท  
  Barcode: 12743
ห้องสมุดวิทยาเขตสวรรค์ประชารักษ์
►หนังสือทั่วไป
บนชั้น
4. วิทยาศาสตร์การแพทย์ และสุขภาพ
วิทยาศาสตร์การแพทย์ และสุขภาพ
WP630 ส854ท  
  Barcode: 12744
ห้องสมุดวิทยาเขตสวรรค์ประชารักษ์
►หนังสือทั่วไป
บนชั้น
5. วิทยาศาสตร์การแพทย์ และสุขภาพ
วิทยาศาสตร์การแพทย์ และสุขภาพ
WP630 ส854ท  
  Barcode: 12745
ห้องสมุดวิทยาเขตสวรรค์ประชารักษ์
►หนังสือทั่วไป
บนชั้น
6. วิทยาศาสตร์การแพทย์ และสุขภาพ
วิทยาศาสตร์การแพทย์ และสุขภาพ
WP630 ส854ท  
  Barcode: 12746
ห้องสมุดวิทยาเขตสวรรค์ประชารักษ์
►หนังสือทั่วไป
บนชั้น
7. วิทยาศาสตร์การแพทย์ และสุขภาพ
วิทยาศาสตร์การแพทย์ และสุขภาพ
WP630 ส854ท ฉ.1 
  Barcode: 12162
ห้องสมุดวิทยาเขตสวรรค์ประชารักษ์
►หนังสือทั่วไป
บนชั้น
8. วิทยาศาสตร์การแพทย์ และสุขภาพ
วิทยาศาสตร์การแพทย์ และสุขภาพ
WP630 ส854ท ฉ.2 
  Barcode: 12163
ห้องสมุดวิทยาเขตสวรรค์ประชารักษ์
►หนังสือทั่วไป
บนชั้น
9. วิทยาศาสตร์การแพทย์ และสุขภาพ
วิทยาศาสตร์การแพทย์ และสุขภาพ
WP630 ส854ท ฉ.3 
  Barcode: 12164
ห้องสมุดวิทยาเขตสวรรค์ประชารักษ์
►หนังสือทั่วไป
บนชั้น
10. วิทยาศาสตร์การแพทย์ และสุขภาพ
วิทยาศาสตร์การแพทย์ และสุขภาพ
WP630 ส854ท ฉ.4 
  Barcode: 12165
ห้องสมุดวิทยาเขตสวรรค์ประชารักษ์
►หนังสือทั่วไป
บนชั้น
11. วิทยาศาสตร์การแพทย์ และสุขภาพ
วิทยาศาสตร์การแพทย์ และสุขภาพ
WP630 ส854ท ฉ.5 
  Barcode: 12166
ห้องสมุดวิทยาเขตสวรรค์ประชารักษ์
►หนังสือทั่วไป
บนชั้น
12. วิทยาศาสตร์การแพทย์ และสุขภาพ
วิทยาศาสตร์การแพทย์ และสุขภาพ
WP630 ส854ท ฉ.6 
  Barcode: 16216
ห้องสมุดวิทยาเขตสวรรค์ประชารักษ์
►หนังสือทั่วไป
บนชั้น
13. วิทยาศาสตร์การแพทย์ และสุขภาพ
วิทยาศาสตร์การแพทย์ และสุขภาพ
WP630 ส854ท ฉ.7 
  Barcode: 16217
ห้องสมุดวิทยาเขตสวรรค์ประชารักษ์
►หนังสือทั่วไป
บนชั้น

รายการใกล้เคียง
    ผู้แต่ง [สุรศักดิ์ ฐานีพานิชสกุล]

    หัวเรื่อง [Family Planning Services]
    หัวเรื่อง [Contraception]
    หัวเรื่อง [คุมกำเนิด]
    หัวเรื่อง [การวางแผนครอบครัว]

BibComment


ยังไม่เคยถูกคอมเมนท์

คอมเมนท์ทรัพยากรรายการนี้
  คอมเมนท์: เทคโนโลยีการคุมก..


 Copyright 2026. Bcnsprnw @Library